General Knowledge Advanced /3 - Statistics

General Stats
  • This quiz has been taken 32 times
  • The average score is 8 of 16
Answer Stats
Hint Answer % Correct
What Australian hard rock band recorded the album "Back In Black" back in 1980? AC/DC
76%
What god posseses the "Mjölnir"? Thor
76%
What mountain marks the highest point in the European Alps? Mont Blanc
72%
What's the tallest building in London? The Shard
72%
What Irish author wrote "Ulysses"? James Joyce
68%
What does CIA stand for? Central Intelligence Agency
64%
What does "gatto" mean in English? cat
60%
On what peninsula would you find the Chicxulub crater? Yucatán
56%
In which city was rapper Tupac Shakur murdered? Las Vegas
52%
On which island did Napoleon serve his second exile penalty? St. Helena
48%
Who starred in the 2011 film "Drive" as the driver? Ryan Gosling
44%
What's the capital of Samoa? Apia
36%
Where was Michael Jackson born? Gary, Indiana
36%
On what island was Portuguese superstar Cristiano Ronaldo born? Madeira
36%
What's the name of Neil Patrick Harris' role in comedy series "How I Met Your Mother"? Barney Stinson
28%
What's mostly considered the loneliest point on Earth? Point Nemo
12%
No matching quizzes found
Score Distribution
Percent of People with Each Score
Percentile by Number Answered
Your Score History
You have not taken this quiz